000 01446nam a2200409 a 4500
001 22949
003 SK-KTurca
005 20260513074239.0
008 240318s2000 xo a r slo
015 _aSNBA2000/11-04080
020 _a8080461430
035 _aSNK000351212
035 _aurn:nbn:sk:snk-amyhfw
035 _aurn:nbn:sk:snk-am00cjtt
035 _aF547A8D7-1578-40BE-B09E-289013F481F5
040 _aSNK
_bslo
_cSNK
_eAACR2
041 0 _aslo
044 _axo
_cSK
080 _a613.952+618.2-083(035)
_21981
080 _a618.2-083(035)
_21981
100 1 _aFenwick, Elizabeth,
_d1935-
_4aut
240 1 0 _aThe complete Johnson & Johnson book of mother and baby care
_lSlovensky
245 1 0 _aVeľká kniha o matke a dieťati
_cElizabeth Fenwicková ; [z anglického originálu preložili Adela Böhmerová a Beata Baranová]
250 _a9. opr. a dopl. vyd.
260 _aBratislava
_bPerfekt
_c2000
300 _a253 s.
_bfareb. fotogr., ilustr.
_c29 cm
500 _aRozlož. fotogr. na tit. strane
500 _aÚdaj o prekl. prevzatý z rubu tit. strany
650 0 7 _atehotenstvo
_xpríručky
_2SNK
650 0 7 _adeti
_xstarostlivosť
_xpríručky
_2SNK
650 0 7 _adojčatá
_xstarostlivosť
_xpríručky
_2SNK
655 7 _apríručky
_2SNK
700 1 _aBöhmerová, Ada,
_d1947-
_4trl
700 1 _aBaranová, Beáta
_4trl
942 _2ddc
_cOLDO
_n0
999 _c22949
_d22949